Statistiques concernant Liste des films/séries MCU

Cliquez ici pour prendre le quiz!

Statistiques générales

  • Ce quiz a été pris 73 fois
  • Le résultat moyen est 22 sur 59

Statistiques - réponses

HintRéponse% Correct
2008Iron Man
98%
2012Marvel's The Avengers
96%
2008The Incredible Hulk
96%
2011Captain America: First Avenger
94%
2010Iron Man 2
92%
2019Avengers: Endgame
89%
2013Iron Man 3
89%
2011Thor
89%
2018Avengers: Infinity War
81%
2016Captain America: Civil War
74%
2013Thor: The Dark World
74%
2015Avengers: Age of Ultron
70%
2015Ant-Man
68%
2018Black Panther
68%
2016Doctor Strange
66%
2021Black Widow
64%
2014Guardians of the Galaxy
64%
2014Captain America: The Winter Soldier
60%
2019Captain Marvel
53%
2017Thor Ragnarok
53%
2021Loki
51%
2021WandaVision
51%
2022Black Panther: Wakanda Forever
47%
2017Guardians of the Galaxy vol.2
45%
2017Spider-Man: Homecoming
42%
2022Thor: Love and Thunder
42%
2022Doctor Strange in the Multiverse of Madness
40%
2019Spider-Man: Far From Home
40%
2021Spider-Man: No Way Home
34%
2021Hawkeye
28%
2018Ant-Man and the Wasp
25%
2021Eternals
25%
2021Falcon and the Winter Soldier
23%
2022She-Hulk
23%
2021Shang-Chi
21%
2021What If...?
15%
2022Moon Knight
11%
2022Ms Marvel
8%
2024Thunderbolts
8%
2023Ant-Man and the Wasp: Quantumania
6%
2026Avengers: Secret Wars
6%
2025Avengers: The Kang Dynasty
4%
2024Blade
4%
2024Captain America: New World Order
4%
2024Deadpool 3
4%
2023Echo
4%
2023Agatha: Coven of Chaos
2%
TBAArmor Wars
2%
2025Fantastic Four
2%
2022Guardians of the Galaxy Holiday Special
2%
2023Guardians of the Galaxy vol.3
2%
2022I am Groot
2%
2023Ironheart
2%
TBAMarvel Zombies
2%
2023Secret Invasion
2%
2024Spider-Man: Freshman Year
2%
2022Werewolf by Night
2%
2023X-Men 97'
2%
2024Daredevil: Born Again
0%

Distribution des résultats

Percentile par nombre de réponses

% des personnes avec chaque résultat

Votre développement - résultats

Vous n’avez pas pris ce quiz